Droit administratif général
Guardat en:
| Autor principal: | |
|---|---|
| Format: | Llibre |
| Idioma: | francès |
| Publicat: |
París
Montchrestien
1992
|
| Edició: | 6a. ed |
| Col·lecció: | Précis Domat. Droit public
|
| Matèries: | |
| Etiquetes: |
Afegir etiqueta
Sense etiquetes, Sigues el primer a etiquetar aquest registre!
|
MARC
| LEADER | 00000nam a2200000 a 4500 | ||
|---|---|---|---|
| 001 | UCV3538 | ||
| 003 | CL-VaPUC | ||
| 008 | 930825e19920000FR |||||||||||||||||fre|d | ||
| 082 | 0 | 4 | |a 342.06 |b CHA |2 21 |
| 100 | 0 | |a Chapus, René |e author |9 297772 | |
| 245 | 1 | 0 | |a Droit administratif général |
| 250 | |a 6a. ed | ||
| 300 | |a 2 v | ||
| 942 | |c BK | ||
| 945 | |d 19930825 00:00:00 | ||
| 260 | |a París |b Montchrestien |c 1992 | ||
| 650 | 0 | |a Derecho administrativo |9 254851 | |
| 651 | 0 | |a Francia |9 255157 | |
| 583 | |a last modification |c 19930825 00:00:00 |k Rodrigo Vera | ||
| 490 | 0 | |a Précis Domat. Droit public | |
| 999 | |c 210703 |d 210701 | ||
| 952 | |0 0 |1 0 |4 0 |6 342_060000000000000_CHA_1992 |7 0 |8 A |9 187132 |a BIBDER |b BIBDER |d 2019-11-14 |h v.1 |i 2548461 |l 2 |o 342.06 CHA 1992 |p 2548461 |r 2023-05-15 |s 2022-12-14 |w 2019-11-14 |y BK |k DER | ||
| 952 | |0 0 |1 0 |4 0 |6 342_060000000000000_CHA_1992 |7 0 |8 A |9 187133 |a BIBDER |b BIBDER |d 2019-11-14 |h v.2 |i 254847K |l 1 |o 342.06 CHA 1992 |p 254847K |r 2023-01-25 |s 2020-11-05 |w 2019-11-14 |y BK |k DER | ||